cambridge ielts 4 : Examination papers from university of Cambridge ESOL examinations: English for speakers of other languages
Cambridge IELTS 4 provides students with an excellent opportunity to familiarise themselves with IELTS and to practise examination techniques using authentic test material from Cambridge ESOL. An introduction to these different modules is included in each book, together with an explanation of the sc...
Đã lưu trong:
| Formáid: | Leabhar |
|---|---|
| Teanga: | Undetermined |
| Foilsithe: |
New York
Cambridge
2007
|
| Ábhair: | |
| Clibeanna: |
Cuir Clib Leis
Gan Chlibeanna, Bí ar an gcéad duine leis an taifead seo a chlibeáil!
|
| Thư viện lưu trữ: | Trung tâm Học liệu Trường Đại học Cần Thơ |
|---|
| LEADER | 01010nam a2200205Ia 4500 | ||
|---|---|---|---|
| 001 | CTU_191023 | ||
| 008 | 210402s9999 xx 000 0 und d | ||
| 020 | |c 90000 | ||
| 082 | |a 428.0076 | ||
| 082 | |b C178/Vol.4 | ||
| 245 | 0 | |a cambridge ielts 4 : | |
| 245 | 0 | |b Examination papers from university of Cambridge ESOL examinations: English for speakers of other languages | |
| 260 | |a New York | ||
| 260 | |b Cambridge | ||
| 260 | |c 2007 | ||
| 520 | |a Cambridge IELTS 4 provides students with an excellent opportunity to familiarise themselves with IELTS and to practise examination techniques using authentic test material from Cambridge ESOL. An introduction to these different modules is included in each book, together with an explanation of the scoring system used by Cambridge ESOL | ||
| 650 | |a English language,English language,Ngôn ngứ Anh | ||
| 650 | |x Study guides,Examinations,Câu hỏi và bài tập | ||
| 904 | |i Tuyến | ||
| 980 | |a Trung tâm Học liệu Trường Đại học Cần Thơ | ||